|
|
|
|
| LEADER |
00000nab a2200000 a 4500 |
| 001 |
vtls008416644 |
| 003 |
SK-MaSNL |
| 005 |
20260304141459.0 |
| 008 |
250505c2005 xo mr|p|||||||000 b|slo |
| 015 |
|
|
|a SNBRB2005/12
|2 snkbucl
|
| 035 |
|
|
|a (sysno)vtls008416644
|
| 035 |
|
|
|a urn:nbn:sk:snk-ab747g
|
| 035 |
|
|
|a (uuid)7a758400-fea0-4d07-8fd2-783eee4911d7
|
| 035 |
|
|
|a (urnnbn)urn:nbn:sk:snk:ar-a06sqi
|
| 038 |
|
|
|a SNKBUCL
|
| 040 |
|
|
|a SNKBUCL
|b slo
|c SNKBUCL
|e AACR2
|
| 041 |
0 |
|
|a slo
|
| 044 |
|
|
|a xo
|c SK
|
| 080 |
|
|
|a 336.225.621:368.914.025.55
|2 1997
|
| 080 |
|
|
|a 368.914.025.55
|2 1997
|
| 100 |
1 |
|
|a Piršelová, Dagmar
|4 aut
|9 194806
|
| 245 |
1 |
0 |
|a Doplnkové dôchodkové sporenie a účelové sporenie - nové nezdaniteľné časti základu dane
|c Dagmar Piršelová
|
| 650 |
0 |
7 |
|a dane z príjmov
|2 snkbucl
|9 2125
|
| 650 |
0 |
7 |
|a základ dane
|x nezdaniteľná časť
|2 snkbucl
|9 1080860
|
| 650 |
0 |
7 |
|a doplnkové dôchodkové sporenie
|2 snkbucl
|9 440424
|
| 650 |
0 |
7 |
|a účelové sporenie
|2 snkbucl
|9 1458352
|
| 773 |
0 |
|
|t Dane a účtovníctvo v praxi
|g Roč. X., č. 11 (2005), s. 3-5
|x 1335-7034
|
| 850 |
|
|
|a Slovenská národná knižnica
|
| 852 |
|
|
|a Slovenská národná knižnica
|
| 954 |
|
|
|a odborná, vedecká literatúra pôvodná (slovenská)
|2 lita
|
| 958 |
|
|
|a article27
|
| 958 |
|
|
|a OND
|
| 958 |
|
|
|a EUIPO
|
| 999 |
|
|
|c 2918821
|d 2920751
|